Dynamické webové stránky VŠC v Humenom

Guardado en:
Detalles Bibliográficos
Autor principal: Malinič, juraj
Formato: Software Libro
Lenguaje:eslovaco
Publicado: Bratislava STU FCHPT 2011
Acceso en línea:Ver en el OPAC
Etiquetas: Agregar Etiqueta
Sin Etiquetas, Sea el primero en etiquetar este registro!

MARC

LEADER 00000nam a2200000 a 4500
005 20260127134359.0
007 co ugu macba
008 110921 2011 xo 000 0 slo d
035 |a vtls010312373 
039 9 |y 201109211130  |z mschk03 
040 |a STUSCHK1  |b slo  |c STUSCHK1  |e AACR2 
100 1 |a Malinič, juraj 
245 1 |a Dynamické webové stránky VŠC v Humenom  |c Juraj Milinič 
260 |a Bratislava  |b STU FCHPT  |c 2011 
300 |a 1 elektronický disk 
500 |a Obháj.: 11.7. 2011 
500 |a Študijný program: automatizácia, informatizácia a manažment v chémii a potravinárstve 
500 |a Študijný odbor: 5.2.14 automatizácia, 5.2.52 priemyselné inžinierstvo 
500 |a Bakalárska práca na CD-ROMe 
500 |a FCHPT, Oddelenie informatizácie a riadenia procesov 
500 |a Evidenčné číslo: 5415-49748 
910 |a SCHK95 
999 |c 11359  |d 11359